Community counseling : (Record no. 2966)
[ view plain ]
| 000 -LEADER | |
|---|---|
| fixed length control field | 01032cam a2200253 a 4500 |
| 001 - CONTROL NUMBER | |
| control field | 4488901 |
| 005 - DATE AND TIME OF LATEST TRANSACTION | |
| control field | 20250124100859.0 |
| 008 - FIXED-LENGTH DATA ELEMENTS--GENERAL INFORMATION | |
| fixed length control field | 970424s1998 cau b 001 0 eng |
| 020 ## - INTERNATIONAL STANDARD BOOK NUMBER | |
| International Standard Book Number | 9780534258542 |
| 050 00 - LIBRARY OF CONGRESS CALL NUMBER | |
| Classification number | RA790.5 |
| Item number | .C6 1998 |
| 082 00 - DEWEY DECIMAL CLASSIFICATION NUMBER | |
| Classification number | 362.2/2 |
| Edition information | 21 |
| 245 00 - TITLE STATEMENT | |
| Title | Community counseling : |
| Remainder of title | empowerment strategies for a diverse society / |
| Statement of responsibility, etc. | Judith A. Lewis ... [et al.]. |
| 250 ## - EDITION STATEMENT | |
| Edition statement | 2nd ed. |
| 260 ## - PUBLICATION, DISTRIBUTION, ETC. | |
| Place of publication, distribution, etc. | Pacific Grove [Calif.] : |
| Name of publisher, distributor, etc. | Brooks/Cole Pub. Co. |
| Date of publication, distribution, etc. | c1998. |
| 300 ## - PHYSICAL DESCRIPTION | |
| Extent | xviii, 333 p. ; |
| Dimensions | 25cm. |
| 500 ## - GENERAL NOTE | |
| General note | Prev. ed. cataloged under: Lewis, Judith A., 1939- . |
| 650 #0 - SUBJECT ADDED ENTRY--TOPICAL TERM | |
| Topical term or geographic name entry element | Mental health services. |
| 650 #0 - SUBJECT ADDED ENTRY--TOPICAL TERM | |
| Topical term or geographic name entry element | Counseling. |
| 700 1# - ADDED ENTRY--PERSONAL NAME | |
| Personal name | Lewis, Judith A., |
| Dates associated with a name | 1939- |
| 856 42 - ELECTRONIC LOCATION AND ACCESS | |
| Materials specified | Contributor biographical information |
| Uniform Resource Identifier | <a href="http://www.loc.gov/catdir/enhancements/fy1515/97016993-b.html">http://www.loc.gov/catdir/enhancements/fy1515/97016993-b.html</a> |
| 856 42 - ELECTRONIC LOCATION AND ACCESS | |
| Materials specified | Publisher description |
| Uniform Resource Identifier | <a href="http://www.loc.gov/catdir/enhancements/fy1515/97016993-d.html">http://www.loc.gov/catdir/enhancements/fy1515/97016993-d.html</a> |
| 856 41 - ELECTRONIC LOCATION AND ACCESS | |
| Materials specified | Table of contents only |
| Uniform Resource Identifier | <a href="http://www.loc.gov/catdir/enhancements/fy1515/97016993-t.html">http://www.loc.gov/catdir/enhancements/fy1515/97016993-t.html</a> |
| 942 ## - ADDED ENTRY ELEMENTS (KOHA) | |
| Source of classification or shelving scheme | Library of Congress Classification |
| Koha item type | Books |
| Edition | 2nd ed. |
| Suppress in OPAC | No |
| 999 ## - | |
| -- | 2966 |
| -- | 2966 |
| Withdrawn status | Lost status | Source of classification or shelving scheme | Damaged status | Not for loan | Collection | Home library | Current library | Shelving location | Date acquired | Total checkouts | Full call number | Barcode | Date last seen | Copy number | Price effective from | Koha item type |
|---|---|---|---|---|---|---|---|---|---|---|---|---|---|---|---|---|
| Dewey Decimal Classification | Non-fiction | Graduate Library (Christ Temple) | Graduate Library (Christ Temple) | General stacks | 01/30/2025 | RA 790.5.C6 COM | GSCT00000432 | 01/30/2025 | 1 | 01/30/2025 | Books | |||||
| Dewey Decimal Classification | Non-fiction | Graduate Library (Christ Temple) | Graduate Library (Christ Temple) | General stacks | 01/30/2025 | RA 790.5.C6 COM | GSCT00000433 | 01/30/2025 | 2 | 01/30/2025 | Books | |||||
| Library of Congress Classification | Non-fiction | Science Library (Miotso) | Science Library (Miotso) | General stacks | 01/24/2025 | RA790.5 .C6 COM | SLM00002339 | 01/24/2025 | 1 | 01/24/2025 | Books | |||||
| Library of Congress Classification | Non-fiction | Science Library (Miotso) | Science Library (Miotso) | General stacks | 01/24/2025 | RA790.5 .C6 COM | SLM00002340 | 01/24/2025 | 2 | 01/24/2025 | Books | |||||
| Library of Congress Classification | Non-fiction | Science Library (Miotso) | Science Library (Miotso) | General stacks | 01/24/2025 | RA790.5 .C6 COM | SLM00002341 | 01/24/2025 | 3 | 01/24/2025 | Books | |||||
| Library of Congress Classification | Non-fiction | Science Library (Miotso) | Science Library (Miotso) | General stacks | 01/24/2025 | RA790.5 .C6 COM | SLM00002342 | 01/24/2025 | 4 | 01/24/2025 | Books | |||||
| Library of Congress Classification | Non-fiction | Science Library (Miotso) | Science Library (Miotso) | General stacks | 01/24/2025 | RA790.5 .C6 COM | SLM00002343 | 01/24/2025 | 5 | 01/24/2025 | Books |